[Event "Nezhmetdinov Cup 2013"]
[Site "?"]
[Date "2013.06.03"]
[Round "4.52"]
[White "Gubajdullin, Marsel"]
[Black "Kurninov, Andrei"]
[Result "0-1"]
[WhiteElo "1936"]
[BlackElo "1707"]
[PlyCount "96"]
[EventDate "2013.06.04"]

1. d4 Nf6 2. c3 c5 3. e3 g6 4. Bd3 Bg7 5. Nd2 Qc7 6. f4 e6 7. Nh3 O-O 8. Nf3 c4
9. Bc2 b5 10. a4 Qb6 11. axb5 Qxb5 12. e4 Bb7 13. e5 Nd5 14. O-O Nc6 15. Qe2
Qb6 16. Qxc4 Rad8 17. Kh1 d6 18. exd6 Rxd6 19. Qc5 Qd8 20. Ne5 a6 21. Ba4 Nce7
22. Nc4 Rb6 23. Ng5 Nf5 24. Nxb6 Nxb6 25. Bd1 Nd5 26. Bf3 h6 27. Nh3 Qh4 28.
Bd2 Kh7 29. Be1 Qf6 30. Bf2 Rc8 31. Qa5 g5 32. g4 Nd6 33. Bg2 Nc4 34. Qa2 gxf4
35. Bg3 Nce3 36. Be4+ Kg8 37. Rf3 Nxc3 38. Bxb7 Nxa2 39. Bxc8 Qxd4 40. Bxf4 Qd5
41. Ng1 Nc2 42. Raf1 Qc6 43. Bxa6 Qxa6 44. Kg2 Nd4 45. R3f2 f5 46. gxf5 Nxf5
47. Nf3 Nb4 48. Rd1 Nd5 0-1

[Event "Nezhmetdinov Cup 2013"]
[Site "Kazan"]
[Date "2013.06.04"]
[Round "5.1"]
[White "Aleksandrov, Aleksej"]
[Black "Shariyazdanov, Andrey"]
[Result "1/2-1/2"]
[WhiteElo "2617"]
[BlackElo "2579"]
[PlyCount "107"]
[EventDate "2013.??.??"]

1. d4 Nf6 2. c4 e6 3. Nc3 Bb4 4. e3 O-O 5. Bd3 d5 6. Nf3 b6 7. O-O Bb7 8. a3
Bxc3 9. bxc3 dxc4 10. Bxc4 c5 11. Re1 Nbd7 12. Bb2 Qc7 13. Bd3 Be4 14. Bf1 e5
15. Nd2 Bg6 16. a4 Rfd8 17. a5 b5 18. c4 bxc4 19. Nxc4 exd4 20. exd4 Nf8 21.
Qf3 Bh5 22. Qe3 cxd4 23. Bxd4 Ng4 24. Be5 Nxe3 25. Bxc7 Nc2 26. Bxd8 Rxd8 27.
Re5 Nxa1 28. Rxh5 Nb3 29. Rb5 Nd4 30. Rb7 Rd7 31. a6 Nc6 32. g3 Rxb7 33. axb7
Nd7 34. f4 Kf8 35. Bg2 Ndb8 36. Kf2 Ke7 37. Ke3 Nd8 38. Kd4 Kd7 39. Kc5 Kc7 40.
Nd6 Nd7+ 41. Kd5 Kb8 42. Bf3 g6 43. g4 a5 44. h4 a4 45. Kc4 a3 46. Kb3 Nc5+ 47.
Kxa3 Ncxb7 48. Bxb7 Kc7 49. Nxf7 Nxf7 50. Bd5 Nh6 51. Bf3 Kd6 52. Kb4 Nxg4 53.
Bxg4 Kd5 54. Bf3+ {Ke5} 1/2-1/2

[Event "Nezhmetdinov Cup 2013"]
[Site "Kazan"]
[Date "2013.06.04"]
[Round "5.2"]
[White "Vorobiov, Evgeny"]
[Black "Azarov, Sergei"]
[Result "1/2-1/2"]
[WhiteElo "2583"]
[BlackElo "2629"]
[PlyCount "122"]
[EventDate "2013.??.??"]

1. e4 e5 2. Nc3 Nf6 3. g3 Nc6 4. Bg2 Bc5 5. Nge2 a6 6. O-O h5 7. h3 d6 8. d3
Be6 9. Nd5 Qd7 10. Kh2 Nd4 11. Nxd4 Bxd4 12. c3 Ba7 13. Nxf6+ gxf6 14. f4 Qe7
15. f5 Bd7 16. Qe2 O-O-O 17. Be3 Bxe3 18. Qxe3 h4 19. g4 Kb8 20. a4 Qe8 21. a5
Qg8 22. b4 Qg5 23. Qf2 Rc8 24. c4 c5 25. Rfb1 cxb4 26. Rxb4 Bc6 27. Rab1 Rc7
28. R4b2 Rd8 29. Bf1 Kc8 30. Be2 Kd7 31. Bd1 Ke7 32. Rb4 Rdd7 33. Kg1 Kf8 34.
Kf1 Ke7 35. Ke2 Kf8 36. Qe3 Ke7 37. Kd2 Rc8 38. Qxg5 fxg5 39. Bc2 f6 40. Kc1
Rcc7 41. Kb2 Kd8 42. Bd1 Ke7 43. Ka3 Kd8 44. Rb6 Kc8 45. Ba4 Bxa4 46. Kxa4 Kd8
47. R1b3 Kc8 48. Rc3 Rc5 49. Rcb3 Rcc7 50. Kb4 Rd8 51. Kc3 Rdd7 52. d4 exd4+
53. Kxd4 Kd8 54. Rb1 Ke7 55. Kc3 Kf7 56. Rd1 Ke7 57. Rd5 Rc6 58. Rxc6 bxc6 59.
Rd2 Rb7 60. Rb2 Rxb2 61. Kxb2 c5 1/2-1/2

[Event "Nezhmetdinov Cup 2013"]
[Site "Kazan"]
[Date "2013.06.04"]
[Round "5.3"]
[White "Kovalenko, Igor"]
[Black "Maiorov, Nikita"]
[Result "1/2-1/2"]
[WhiteElo "2596"]
[BlackElo "2535"]
[PlyCount "110"]
[EventDate "2013.??.??"]

1. d4 Nf6 2. c4 e6 3. Nf3 b6 4. g3 Bb7 5. Bg2 Be7 6. O-O O-O 7. Nc3 Ne4 8. Bd2
Bf6 9. Ne5 Nxc3 10. Bxc3 Bxg2 11. Kxg2 d5 12. Ng4 Be7 13. Qb3 c6 14. Rac1 dxc4
15. Qxc4 b5 16. Qd3 Nd7 17. Rfd1 f5 18. Ne3 Nf6 19. Be1 Qd7 20. Rc2 Rac8 21.
Rdc1 Rfd8 22. Ba5 Rf8 23. a3 f4 24. Nf1 Nd5 25. Bd2 Bd6 26. e4 fxe3 27. Nxe3
Bb8 28. Kg1 Nxe3 29. Bxe3 Rf5 30. Rc3 Rd5 31. Qc2 Rd6 32. Qe2 Rd5 33. Qc2 Rd6
34. Qb3 Rd5 35. a4 a6 36. Qc2 Rd6 37. axb5 axb5 38. Bf4 Rxd4 39. Bxb8 Rd2 40.
Qe4 Rxb8 41. Rxc6 Rf8 42. Rc7 Qd5 43. Qxd5 exd5 44. Rb7 Rdxf2 45. Rcc7 Rf1+ 46.
Kg2 R1f2+ 47. Kh3 R2f7 48. Rxf7 Rxf7 49. Rxb5 Rf2 50. g4 Kf7 51. Kg3 Rd2 52. h4
Rd3+ 53. Kf4 Rd4+ 54. Kf3 Rd3+ 55. Ke2 Rg3 1/2-1/2

[Event "Nezhmetdinov Cup 2013"]
[Site "Kazan"]
[Date "2013.06.04"]
[Round "5.4"]
[White "Kokarev, Dmitry"]
[Black "Ulibin, Mikhail"]
[Result "1-0"]
[WhiteElo "2639"]
[BlackElo "2523"]
[PlyCount "109"]
[EventDate "2013.??.??"]

1. e4 e6 2. d4 d5 3. Nc3 Nf6 4. Bg5 Be7 5. e5 Nfd7 6. Bxe7 Qxe7 7. f4 a6 8. Qd2
c5 9. Nf3 b6 10. Nd1 cxd4 11. Nxd4 f6 12. exf6 Qxf6 13. g3 Nc5 14. Nf2 O-O 15.
Bg2 Bb7 16. O-O-O Nc6 17. Rhe1 Nxd4 18. Qxd4 a5 19. Qxf6 Rxf6 20. Re5 Rc8 21.
Ng4 Rf7 22. Ne3 g6 23. Bh3 Rc6 24. c3 Rf8 25. Nc2 Bc8 26. Nd4 Rd6 27. Nb5 Rc6
28. Na7 Rd6 29. Nxc8 Rxc8 30. Rexd5 exd5 31. Bxc8 Kf7 32. Bg4 Ne4 33. Bf3 Nf6
34. Kc2 h6 35. h4 h5 36. Re1 Nd7 37. b3 b5 38. Rd1 Ke6 39. Rd2 Nf6 40. Re2+ Kf7
41. Re5 b4 42. Kd3 Rc6 43. c4 dxc4+ 44. bxc4 Rd6+ 45. Ke3 Ra6 46. Rb5 Re6+ 47.
Kd4 Re1 48. Rxa5 Rg1 49. Rg5 Ra1 50. Kc5 Rxa2 51. Kxb4 Rb2+ 52. Kc5 Rb3 53.
Bd5+ Nxd5 54. Kxd5 Kf6 55. c5 1-0

[Event "Nezhmetdinov Cup 2013"]
[Site "Kazan"]
[Date "2013.06.04"]
[Round "5.5"]
[White "Gajsin, Evgenij"]
[Black "Fedorov, Alexei"]
[Result "1/2-1/2"]
[WhiteElo "2457"]
[BlackElo "2591"]
[PlyCount "82"]
[EventDate "2013.??.??"]

1. e4 c5 2. Nf3 Nc6 3. d4 cxd4 4. Nxd4 Qb6 5. Nb3 Nf6 6. Nc3 e6 7. Qe2 Bb4 8.
Bd2 O-O 9. e5 Nd5 10. Nxd5 exd5 11. O-O-O d6 12. exd6 Bxd6 13. Be3 Qc7 14. Rxd5
Nb4 15. Rxd6 Qxd6 16. Bc5 Qf4+ 17. Qe3 Qxe3+ 18. fxe3 Nd5 19. Bxf8 Kxf8 20. Kd2
Bf5 21. Bd3 Bg6 22. Nd4 Re8 23. Re1 Re5 24. Nf3 Re8 25. Nh4 Be4 26. Bxe4 Rxe4
27. Nf3 h5 28. Nd4 Nxe3 29. Rxe3 Rxd4+ 30. Rd3 Rg4 31. g3 h4 32. Rd7 b6 33.
Rxa7 hxg3 34. hxg3 Rxg3 35. c4 Rg2+ 36. Kc3 f5 37. a4 f4 38. a5 bxa5 39. Rxa5
Ke7 40. b4 f3 41. Rf5 Rg3 1/2-1/2

[Event "Nezhmetdinov Cup 2013"]
[Site "Kazan"]
[Date "2013.06.04"]
[Round "5.6"]
[White "Arslanov, Shamil"]
[Black "Onischuk, Vladimir"]
[Result "0-1"]
[WhiteElo "2391"]
[BlackElo "2584"]
[PlyCount "112"]
[EventDate "2013.??.??"]

1. d4 d6 2. Nf3 g6 3. g3 Bg7 4. Bg2 Nf6 5. c4 O-O 6. Nc3 Nc6 7. O-O e5 8. dxe5
dxe5 9. Bg5 Be6 10. b3 h6 11. Bxf6 Qxf6 12. Nd2 Rfc8 13. e3 Qe7 14. Rc1 f5 15.
Qe2 Rd8 16. Nd5 Qf7 17. Kh1 Rd7 18. Rcd1 Rad8 19. Nb1 Kh7 20. Nbc3 e4 21. f3
exf3 22. Bxf3 Ne5 23. Bg2 c6 24. e4 Ng4 25. h3 Nf6 26. Nf4 Rxd1 27. Rxd1 Re8
28. Qf2 Bc8 29. exf5 Bxf5 30. Re1 Rxe1+ 31. Qxe1 g5 32. Nfe2 Qe6 33. Kh2 Qe5
34. Qf2 Bd3 35. Qd4 Qxd4 36. Nxd4 Bf8 37. Bf3 Bb4 38. Nde2 h5 39. Kg1 Kg6 40.
Kf2 Bf5 41. Bg2 Bc5+ 42. Ke1 Kf7 43. h4 g4 44. Nf4 Bb4 45. Kd2 Ke7 46. Nd3 Bd6
47. Ne2 Be4 48. Bf1 Bf3 49. Nd4 Ne4+ 50. Ke3 Nxg3 51. Nxf3 Nxf1+ 52. Kf2 gxf3
53. Kxf1 Bg3 54. b4 b5 55. cxb5 cxb5 56. a3 Ke6 0-1

[Event "Nezhmetdinov Cup 2013"]
[Site "Kazan"]
[Date "2013.06.04"]
[Round "5.9"]
[White "Faizrakhmanov, Ramil"]
[Black "Goganov, Aleksey"]
[Result "1/2-1/2"]
[WhiteElo "2317"]
[BlackElo "2552"]
[PlyCount "90"]
[EventDate "2013.??.??"]

1. d4 Nf6 2. c4 g6 3. Nf3 Bg7 4. g3 c5 5. d5 b5 6. cxb5 a6 7. bxa6 d6 8. Nc3
O-O 9. Bg2 Nbd7 10. O-O Nb6 11. Re1 Bxa6 12. Nd2 Qc7 13. Nf1 Nc4 14. Qc2 Nd7
15. Ne3 Nxe3 16. Bxe3 Rfb8 17. Bd2 Ra7 18. Rab1 Rab7 19. b3 c4 20. Rec1 cxb3
21. axb3 Nc5 22. Na4 Bxe2 23. Nxc5 Qxc5 24. Qxc5 dxc5 25. Bf4 Bd3 26. Bxb8 Rxb8
27. Bf1 Bxb1 28. Rxb1 Bc3 29. Bc4 Ra8 30. Rc1 Be5 31. Re1 Bd6 32. Kg2 Kf8 33.
Re4 Ra1 34. Rh4 h5 35. Re4 Ke8 36. h4 Kf8 37. Re3 Kg7 38. Rf3 Rd1 39. Rd3 Rb1
40. Re3 Kh6 41. Rf3 f6 42. Re3 g5 43. hxg5+ Kxg5 44. Re4 Rd1 45. Rh4 Rd2
1/2-1/2

[Event "Nezhmetdinov Cup 2013"]
[Site "?"]
[Date "2013.06.04"]
[Round "5.10"]
[White "Salakhutdinov, Ildar"]
[Black "Dzhumaev, Marat"]
[Result "0-1"]
[WhiteElo "2293"]
[BlackElo "2549"]
[PlyCount "70"]
[EventDate "2013.06.05"]

1. e4 c5 2. Nf3 d6 3. c3 Nf6 4. h3 g6 5. Bd3 Bg7 6. Bc2 O-O 7. d4 Nc6 8. d5 Ne5
9. Nxe5 dxe5 10. c4 Ne8 11. b3 f5 12. Bb2 Nd6 13. Nd2 e6 14. dxe6 Bxe6 15. O-O
Qe7 16. exf5 gxf5 17. f3 Bd7 18. Qe2 Rae8 19. Qe3 Nf7 20. Qc3 Nd8 21. Rae1 Nc6
22. Bb1 Nd4 23. Qe3 Qd6 24. Bc3 b6 25. Rd1 Bc6 26. Rfe1 a5 27. Nf1 Qg6 28. Kh1
Bf6 29. Qf2 Qh6 30. Bxd4 cxd4 31. Bxf5 Bh4 32. Qc2 Bxe1 33. Rxe1 Qh4 34. Re2 e4
35. g3 Qf6 0-1

[Event "Nezhmetdinov Cup 2013"]
[Site "?"]
[Date "2013.06.04"]
[Round "5.11"]
[White "Zakhartsov, Viacheslav"]
[Black "Isajevsky, Anton"]
[Result "1/2-1/2"]
[WhiteElo "2536"]
[BlackElo "2415"]
[PlyCount "80"]

1. d4 Nf6 2. c4 e6 3. Nc3 Bb4 4. e3 O-O 5. Nge2 c6 6. a3 Ba5 7. Ng3 d5 8. Qc2
Nbd7 9. Be2 e5 10. O-O exd4 11. exd4 Re8 12. cxd5 Bxc3 13. bxc3 cxd5 14. Bf3
Nb6 15. h3 Bd7 16. a4 h6 17. Bf4 Nc4 18. Rae1 Rxe1 19. Rxe1 Qa5 20. Qc1 Re8 21.
Be5 Nxe5 22. dxe5 Nh7 23. Qd2 Bc6 24. h4 Nf8 25. Nf5 Ng6 26. Bh5 d4 27. Bxg6
fxg6 28. Nxd4 Rxe5 29. Nxc6 bxc6 30. Rb1 Kh7 31. Rb4 Rd5 32. Rd4 Qxa4 33. Rxa4
Rxd2 34. Ra6 Rd1+ 35. Kh2 Rc1 36. Rxc6 a5 37. Ra6 Rxc3 38. Rxa5 Rd3 39. g3 Rf3
40. Kg2 Rb3 1/2-1/2

[Event "Nezhmetdinov Cup 2013"]
[Site "?"]
[Date "2013.06.04"]
[Round "5.12"]
[White "Lintchevski, Daniil"]
[Black "Smirnov, Alexey"]
[Result "1-0"]
[WhiteElo "2526"]
[BlackElo "2413"]
[PlyCount "107"]

1. Nf3 c5 2. c4 Nf6 3. Nc3 Nc6 4. e3 e6 5. d4 d5 6. a3 a6 7. cxd5 exd5 8. Ne5
Bd6 9. Nxc6 bxc6 10. dxc5 Bxc5 11. Be2 O-O 12. O-O a5 13. Bd2 Bd6 14. Bf3 Rb8
15. Qc2 Ng4 16. Bxg4 Bxg4 17. h3 Bd7 18. Ne2 Qg5 19. Nf4 Be5 20. Bxa5 Rxb2 21.
Qd1 Ra8 22. Bd2 h6 23. a4 d4 24. Bc1 Rb4 25. Ra3 c5 26. Nd3 Bc6 27. Qg4 Qxg4
28. hxg4 Bf6 29. Nxb4 cxb4 30. Rb3 dxe3 31. Bxe3 Bc3 32. Rbb1 Rxa4 33. f3 Bd5
34. Rfd1 Ra5 35. Bd4 Be6 36. Bxc3 bxc3 37. Ra1 Rd5 38. Rxd5 Bxd5 39. Rc1 g5 40.
Rxc3 Be6 41. Kf2 Kg7 42. Ke3 Bd7 43. Kd4 Ba4 44. Ke5 Bb5 45. Rc1 Bd7 46. Kd6
Bb5 47. Ke7 Be2 48. Rc6 Bd1 49. Rf6 Bb3 50. g3 Bd5 51. f4 Bc4 52. f5 Bd5 53.
Rd6 Bf3 54. Rg6+ 1-0

[Event "Nezhmetdinov Cup 2013"]
[Site "?"]
[Date "2013.06.04"]
[Round "5.13"]
[White "Murtazin, Bulat"]
[Black "Grigoriants, Sergey"]
[Result "0-1"]
[WhiteElo "2151"]
[BlackElo "2579"]
[PlyCount "54"]

1. d4 Nf6 2. c4 e6 3. Nc3 Bb4 4. Qc2 O-O 5. a3 Bxc3+ 6. Qxc3 b6 7. Nf3 Bb7 8.
e3 d5 9. Be2 Nbd7 10. O-O c5 11. dxc5 Nxc5 12. b4 Nce4 13. Qb3 dxc4 14. Bxc4
Qc7 15. Bb2 Ng4 16. g3 Rad8 17. Rac1 Qe7 18. Be2 h5 19. h3 Nh6 20. Be5 Rc8 21.
Qa4 f6 22. Ba1 Nxg3 23. fxg3 Qd6 24. Ne5 Rxc1 25. Rxc1 Qd2 26. Nd3 Qxe2 27. Qc2
Qxe3+ 0-1

[Event "Nezhmetdinov Cup 2013"]
[Site "?"]
[Date "2013.06.04"]
[Round "5.17"]
[White "Ozolin, Maxim"]
[Black "Gabrielian, Artur"]
[Result "1/2-1/2"]
[WhiteElo "2387"]
[BlackElo "2545"]
[PlyCount "41"]

1. e4 c6 2. d4 d5 3. e5 Bf5 4. Nd2 e6 5. Nb3 Nd7 6. Nf3 h6 7. Be2 Ne7 8. O-O
Qc7 9. a4 g5 10. a5 O-O-O 11. c4 dxc4 12. Nbd2 Ng6 13. Nxc4 g4 14. Nfd2 f6 15.
Nd6+ Bxd6 16. exd6 Qxd6 17. Nc4 Qd5 18. Ne3 Qd6 19. Nc4 Qd5 20. Ne3 Qd6 21. Nc4
1/2-1/2

[Event "Nezhmetdinov Cup 2013"]
[Site "?"]
[Date "2013.06.04"]
[Round "5.19"]
[White "Sharafiev, Azat"]
[Black "Gerasimov, Ivan"]
[Result "0-1"]
[WhiteElo "2451"]
[BlackElo "2336"]
[PlyCount "50"]

1. d4 Nf6 2. c4 e6 3. Nc3 Bb4 4. Qc2 O-O 5. f3 Nh5 6. e4 f5 7. a3 Bxc3+ 8. bxc3
d6 9. Nh3 e5 10. Nf2 c5 11. dxc5 dxc5 12. Be3 Qe7 13. Rd1 f4 14. Bc1 Nc6 15.
Bd3 Be6 16. Qa4 Rac8 17. O-O Qh4 18. h3 Ng3 19. Rfe1 Rf6 20. Ng4 Rg6 21. Qc2 h5
22. Nf2 Qg5 23. Nh1 Bxh3 24. Rd2 Nxh1 25. Kxh1 Qh4 0-1

[Event "Nezhmetdinov Cup 2013"]
[Site "?"]
[Date "2013.06.04"]
[Round "5.20"]
[White "Zakhartsov, Vladimir"]
[Black "Kalegin, Evgenij"]
[Result "1/2-1/2"]
[WhiteElo "2335"]
[BlackElo "2447"]
[PlyCount "85"]

1. e4 c5 2. Nf3 e6 3. d4 cxd4 4. Nxd4 a6 5. Bd3 Nf6 6. Qe2 d6 7. c4 g6 8. Nc3
Bg7 9. O-O O-O 10. Rd1 Qc7 11. Nf3 Nc6 12. Bf4 Ng4 13. Rac1 Nge5 14. h3 Bd7 15.
b3 Nxf3+ 16. Qxf3 Nd4 17. Qg3 e5 18. Be3 Bc6 19. b4 Qd7 20. a4 Bxa4 21. Nxa4
Qxa4 22. Bxd4 exd4 23. Qxd6 Rfc8 24. Qb6 Qd7 25. c5 Rc6 26. Qa5 Rac8 27. Qa2
Re6 28. Re1 Rce8 29. Qb1 Qe7 30. b5 axb5 31. Bxb5 Rc8 32. Bc4 Rec6 33. Bd5 Rxc5
34. Rxc5 Rxc5 35. Qxb7 Qxb7 36. Bxb7 Be5 37. Kf1 Rc2 38. Ba6 Kf8 39. Re2 Rc3
40. Rd2 Ke7 41. Ke2 g5 42. Bd3 h5 43. Rc2 1/2-1/2

[Event "Nezhmetdinov Cup 2013"]
[Site "?"]
[Date "2013.06.04"]
[Round "5.21"]
[White "Kozionov, Kirilli"]
[Black "Durarbayli, Vasif"]
[Result "0-1"]
[WhiteElo "2272"]
[BlackElo "2597"]
[PlyCount "86"]

1. e4 c5 2. Nf3 e6 3. d4 cxd4 4. Nxd4 a6 5. Be2 b5 6. Bf3 Bb7 7. O-O Nc6 8. e5
Qc7 9. Re1 Nge7 10. Bf4 Rc8 11. c3 Nxd4 12. Bxb7 Qxb7 13. Qxd4 Rc4 14. Qd2 Nf5
15. b3 Bc5 16. g3 Re4 17. b4 Bb6 18. Na3 h5 19. Rxe4 Qxe4 20. Rd1 Qc6 21. Nc2
h4 22. Nd4 Bxd4 23. cxd4 Qd5 24. Qc3 O-O 25. g4 Qe4 26. Bd2 Ne7 27. Qe3 Qg6 28.
Qh3 Nd5 29. Bc1 Rc8 30. Qxh4 Qe4 31. Bg5 Nc3 32. Rd2 Ne2+ 33. Rxe2 Qxe2 34. Be3
Qxa2 35. Qe7 a5 36. Qxd7 Qb1+ 37. Kg2 Qe4+ 38. Kg3 Qc6 39. Qe7 a4 40. h4 a3 41.
Bh6 gxh6 42. g5 Qc3+ 43. Kg2 Qxd4 0-1

[Event "Nezhmetdinov Cup 2013"]
[Site "?"]
[Date "2013.06.04"]
[Round "5.22"]
[White "Sadykov, Ramil"]
[Black "Gabuzyan, Hovhannes"]
[Result "0-1"]
[WhiteElo "2250"]
[BlackElo "2532"]
[PlyCount "60"]

1. e4 c5 2. Nf3 d6 3. d4 cxd4 4. Nxd4 Nf6 5. Nc3 a6 6. Bg5 e6 7. f4 Nbd7 8. Qf3
Qc7 9. O-O-O Be7 10. g4 h6 11. Bxf6 gxf6 12. Qh3 Nb6 13. f5 e5 14. Nb3 Bd7 15.
Kb1 O-O-O 16. Nd5 Nxd5 17. exd5 h5 18. gxh5 Rdg8 19. Be2 Rg5 20. Rhf1 Kb8 21.
Rd3 Bb5 22. Rc3 Qd7 23. Qe3 Bxe2 24. Qxe2 Rgxh5 25. Rcf3 Rxh2 26. R1f2 R2h4 27.
Nd2 Qa4 28. c4 Bd8 29. Ne4 Bb6 30. Rg2 Rxe4 0-1

[Event "Nezhmetdinov Cup 2013"]
[Site "?"]
[Date "2013.06.04"]
[Round "5.23"]
[White "Bulatov, Ramil"]
[Black "Voitsekhovsky, Stanislav"]
[Result "1/2-1/2"]
[WhiteElo "2221"]
[BlackElo "2523"]
[PlyCount "81"]

1. d4 Nf6 2. c4 c5 3. d5 b5 4. cxb5 a6 5. bxa6 g6 6. Nc3 Bxa6 7. Nf3 d6 8. e4
Bxf1 9. Kxf1 Bg7 10. g3 O-O 11. Kg2 Nbd7 12. a4 Qa5 13. Bd2 Qb4 14. Nb5 Qxe4
15. Re1 Qxd5 16. Nc7 Qc6 17. Nxa8 e5 18. Nc7 Qxc7 19. b4 e4 20. Ng5 Qb7 21. Be3
Nd5 22. Rb1 cxb4 23. Bd4 Nc3 24. Bxc3 Bxc3 25. Re3 Qc6 26. Nxe4 Nf6 27. Qxd6
Qa8 28. f3 Nxe4 29. Rxe4 Qxa4 30. Qd3 Qc6 31. Qc4 Qd7 32. Qe2 Rd8 33. Rbxb4
Bxb4 34. Rxb4 h5 35. h4 Qc6 36. Rb2 Qc3 37. Rc2 Qd4 38. Ra2 Qd3 39. Qxd3 Rxd3
40. Rb2 Kg7 41. Ra2 1/2-1/2

[Event "Nezhmetdinov Cup 2013"]
[Site "?"]
[Date "2013.06.04"]
[Round "5.24"]
[White "Matsenko, Andrei"]
[Black "Atalik, Ekaterina"]
[Result "0-1"]
[WhiteElo "2212"]
[BlackElo "2455"]
[PlyCount "112"]

1. e4 e5 2. Nf3 Nc6 3. Bb5 a6 4. Ba4 d6 5. c3 Bd7 6. O-O g6 7. d4 Bg7 8. dxe5
dxe5 9. Qe2 Nge7 10. Rd1 Qc8 11. Bg5 f6 12. Be3 O-O 13. Bc5 Rf7 14. Na3 Be6 15.
Nc2 b6 16. Nb4 Nxb4 17. Bxe7 Rxe7 18. cxb4 b5 19. Bc2 c5 20. bxc5 Qxc5 21. a4
Rc7 22. Ne1 bxa4 23. Bxa4 Bf8 24. h4 Qb6 25. Qf3 Be7 26. Nc2 Qxb2 27. Ne3 Qc3
28. Qe2 a5 29. Nd5 Bxd5 30. exd5 Rd8 31. h5 f5 32. Rab1 Bd6 33. Bc6 e4 34. g3
Qe5 35. Qd2 Rf8 36. hxg6 hxg6 37. Qg5 Kg7 38. Kg2 Be7 39. Qd2 Bd6 40. Qg5 Be7
41. Qd2 Bd6 42. Qg5 Be7 43. Qd2 Bb4 44. Qg5 Qf6 45. Qe3 Bd6 46. Rh1 f4 47. gxf4
Qxf4 48. Qxf4 Rxf4 49. Rhe1 Rcf7 50. Re2 a4 51. Bxa4 e3 52. Bb5 exf2 53. Re3
Rg4+ 54. Kh3 Rg1 55. Rf1 Rf8 56. Re4 Rg3+ 0-1

[Event "Nezhmetdinov Cup 2013"]
[Site "?"]
[Date "2013.06.04"]
[Round "5.25"]
[White "Tunik, Gennady"]
[Black "Sarana, Alexey"]
[Result "1-0"]
[WhiteElo "2430"]
[BlackElo "2209"]
[PlyCount "129"]

1. d4 Nf6 2. c4 e6 3. Nf3 d5 4. Nc3 Bb4 5. Qb3 c5 6. dxc5 Nc6 7. Bg5 Qa5 8.
Bxf6 dxc4 9. Qxc4 gxf6 10. Rc1 Qxc5 11. Qf4 Ke7 12. a3 Qd6 13. Qe4 Bxc3+ 14.
Rxc3 Rd8 15. Qc2 e5 16. e3 Bf5 17. Qc1 Rac8 18. Be2 Na5 19. Nh4 Be6 20. O-O Nb3
21. Qc2 Rxc3 22. bxc3 Qd2 23. Bd1 Rd3 24. Nf5+ Kf8 25. Ng3 f5 26. Qb1 Qxc3 27.
Bxb3 Qxb3 28. Qa1 Qc3 29. Qb1 b6 30. a4 Qb3 31. Qa1 Qc3 32. Qb1 Qb3 33. Qa1 Qd5
34. h3 a6 35. Re1 Rd2 36. Qc3 Rd1 37. Rxd1 Qxd1+ 38. Kh2 Qd6 39. Nh5 b5 40.
axb5 axb5 41. f4 b4 42. Qa1 e4 43. Qf6 Ke8 44. Ng7+ Kd7 45. Nxf5 Qc5 46. Ng3
Qxe3 47. Qe5 b3 48. Qb5+ Kd6 49. Qb8+ Kc6 50. Nxe4 Kd5 51. Nd2 Kd4 52. Qb4+ Kd5
53. Nxb3 Kc6 54. Nd4+ Kd7 55. Nf3 Bd5 56. Ne5+ Ke6 57. Ng4 Qe4 58. Qb6+ Ke7 59.
Qf2 f6 60. Kg3 Kf7 61. Qb2 Qg6 62. f5 Qg5 63. h4 Qg7 64. Qb5 Ba2 65. Qb7+ 1-0

[Event "Nezhmetdinov Cup 2013"]
[Site "?"]
[Date "2013.06.04"]
[Round "5.26"]
[White "Yandemirov, Valeri"]
[Black "Zlachevskiy, Leonid"]
[Result "1-0"]
[WhiteElo "2422"]
[BlackElo "2125"]
[PlyCount "67"]

1. c4 e5 2. Nc3 Nc6 3. g3 Nf6 4. Bg2 Bb4 5. Nf3 O-O 6. O-O Re8 7. Ne1 e4 8. Nc2
Bf8 9. Ne3 d6 10. b3 Nd4 11. d3 exd3 12. Qxd3 Nc6 13. Bb2 g6 14. Ncd5 Bg7 15.
Nxf6+ Bxf6 16. Bxf6 Qxf6 17. Nd5 Qd8 18. Qc3 Ne5 19. Rad1 Be6 20. Nf4 Qc8 21.
c5 Qb8 22. cxd6 cxd6 23. Qb4 Rd8 24. Nxe6 fxe6 25. Bh3 Qc7 26. Bxe6+ Kf8 27.
Rd4 Qc5 28. Qd2 a5 29. Rd1 Ra6 30. Qh6+ Ke7 31. Bc4 b5 32. Qxh7+ Ke8 33. Rd5
Qa7 34. Rxe5+ 1-0

[Event "Nezhmetdinov Cup 2013"]
[Site "?"]
[Date "2013.06.04"]
[Round "5.27"]
[White "Lugovskoy, Maxim"]
[Black "Konakov, Nikolay"]
[Result "1-0"]
[WhiteElo "2396"]
[BlackElo "2121"]
[PlyCount "107"]

1. d4 d5 2. c4 e6 3. Nc3 c5 4. cxd5 cxd4 5. Qxd4 Nc6 6. Qd1 exd5 7. e3 Nf6 8.
Nf3 Bd6 9. Be2 O-O 10. O-O a6 11. b3 Re8 12. Bb2 Bc7 13. Rc1 Qd6 14. g3 Bh3 15.
Re1 Rad8 16. Nd4 Nxd4 17. Qxd4 Bb6 18. Qh4 Bf5 19. Na4 Ba7 20. Bxf6 gxf6 21.
Bf3 b5 22. Nc3 Qe5 23. Ne2 Bg6 24. Red1 Rd6 25. Nd4 Bb6 26. a4 bxa4 27. bxa4
Qg5 28. Qg4 Qxg4 29. Bxg4 Bxd4 30. Rxd4 Re4 31. Rcd1 Kf8 32. Bf3 Rxd4 33. Rxd4
Bc2 34. e4 Ke7 35. exd5 Rb6 36. Kg2 Kd6 37. a5 Rb1 38. h4 Ra1 39. Rc4 Bd3 40.
Rc6+ Ke5 41. Rc7 Bf1+ 42. Kh2 Rxa5 43. Re7+ Kd6 44. Rxf7 Ra2 45. Kg1 Ra1 46.
Rxf6+ Ke5 47. Re6+ Kd4 48. Bg2 Bxg2+ 49. Kxg2 Kxd5 50. Rh6 a5 51. Rxh7 a4 52.
h5 Ke5 53. Ra7 Kf6 54. h6 1-0

[Event "Nezhmetdinov Cup 2013"]
[Site "?"]
[Date "2013.06.04"]
[Round "5.28"]
[White "Kostrikina, Anna"]
[Black "Ponfilenok, Vladimir"]
[Result "0-1"]
[WhiteElo "2151"]
[BlackElo "2395"]
[PlyCount "120"]

1. e4 e6 2. d4 d5 3. Nd2 c5 4. Ngf3 Nf6 5. exd5 exd5 6. Bb5+ Bd7 7. Bxd7+ Nbxd7
8. O-O Be7 9. dxc5 Nxc5 10. Nd4 Qd7 11. N2f3 O-O 12. Ne5 Qc8 13. Re1 Re8 14.
Bf4 Nce4 15. Nd3 a6 16. f3 Nc5 17. Rxe7 Rxe7 18. Bd6 Rc7 19. Ne5 Ne8 20. Bxc7
Qxc7 21. Ng4 h5 22. Ne3 Nf6 23. Ndf5 Rd8 24. Qd2 Ne6 25. c3 Qa5 26. Nd4 Qb6 27.
Nef5 Nxd4 28. Nxd4 Re8 29. Rd1 Re5 30. Kf1 Qc7 31. g3 Qc4+ 32. Kg1 Qxa2 33. Qf4
Qa4 34. Rf1 Qe8 35. Nf5 Qe6 36. Nd4 Qe7 37. Nf5 Qc5+ 38. Kh1 Qc4 39. Qxc4 dxc4
40. Nd4 Nd7 41. f4 Re3 42. Rf2 Nc5 43. Nc2 Ne4 44. Nxe3 Nxf2+ 45. Kg2 Nd3 46.
Nd1 a5 47. Kf3 a4 48. Ke4 Nxb2 49. Ne3 a3 50. Nc2 a2 51. Kd4 Kf8 52. Kc5 Ke7
53. Kb4 Kd6 54. Ka3 Nd1 55. Kxa2 Nxc3+ 56. Kb2 Ne4 57. Ne3 Kc5 58. Nf5 g6 59.
Nh6 Nd6 60. h3 Kd4 0-1

[Event "Nezhmetdinov Cup 2013"]
[Site "?"]
[Date "2013.06.04"]
[Round "5.30"]
[White "Makarenko, Alexandra"]
[Black "Makhmutov, Rail"]
[Result "0-1"]
[WhiteElo "2124"]
[BlackElo "2360"]
[PlyCount "60"]

1. e4 c5 2. Nf3 d6 3. d4 cxd4 4. Nxd4 Nf6 5. Nc3 Nc6 6. Bg5 Bd7 7. Qd2 h6 8.
Bxf6 gxf6 9. Nf5 Qa5 10. Bd3 e6 11. Ng3 h5 12. O-O h4 13. Nge2 h3 14. g3 Ne5
15. Kh1 f5 16. Nd4 fxe4 17. Bxe4 O-O-O 18. Rae1 Bg7 19. b4 Qb6 20. Nce2 f5 21.
Bd3 Ng4 22. Qc3+ Kb8 23. f3 Rc8 24. Qb2 Ne3 25. b5 Nxf1 26. Rxf1 Bxd4 27. Nxd4
Rhf8 28. a4 e5 29. Nb3 Qe3 30. Na5 Qd2 0-1

[Event "Nezhmetdinov Cup 2013"]
[Site "?"]
[Date "2013.06.04"]
[Round "5.33"]
[White "Beinenson, Katsiarina"]
[Black "Chistiakova, Tamara"]
[Result "0-1"]
[WhiteElo "1970"]
[BlackElo "2314"]
[PlyCount "42"]

1. e4 c5 2. c3 d5 3. exd5 Qxd5 4. d4 g6 5. dxc5 Qxc5 6. Be3 Qc7 7. Na3 a6 8.
Nf3 Bg7 9. Nc4 Nd7 10. Bd4 Ngf6 11. a4 O-O 12. Be2 b6 13. Nfe5 Bb7 14. O-O Rad8
15. Qb3 Bd5 16. Qb4 Bxg2 17. Nxd7 Nd5 18. Bxb6 Qxd7 19. Qa5 Bxf1 20. Rxf1 Nf4
21. Bf3 Qh3 0-1

[Event "Nezhmetdinov Cup 2013"]
[Site "?"]
[Date "2013.06.04"]
[Round "5.34"]
[White "Tukaeva, Adelya"]
[Black "Dmitriev, Igor"]
[Result "0-1"]
[WhiteElo "1655"]
[BlackElo "2289"]
[PlyCount "86"]

1. c4 g6 2. g3 Bg7 3. Bg2 Nc6 4. Nc3 d6 5. d3 Bd7 6. e4 Nd4 7. Be3 c5 8. h3 Rb8
9. Nge2 a6 10. O-O h5 11. f4 e6 12. e5 dxe5 13. fxe5 Bxe5 14. Ne4 Qc7 15. Nxd4
cxd4 16. Bg5 Bc6 17. Qf3 Bxe4 18. Qxe4 Ne7 19. Bxe7 Kxe7 20. Rf3 f5 21. Qe2
Rbe8 22. Re1 Kf6 23. g4 hxg4 24. hxg4 Bf4 25. gxf5 gxf5 26. Qf2 Be3 27. Rfxe3
Qh2+ 28. Kf1 dxe3 29. Qxe3 Rh4 30. Re2 Qf4+ 31. Ke1 Qxe3 32. Rxe3 b6 33. Bb7 a5
34. Kd2 Re7 35. Bc6 Rc7 36. Ba4 e5 37. Bd1 Rd7 38. Kc3 f4 39. Rf3 e4 40. Rf2
Rxd3+ 41. Kc2 Ke5 42. b3 Rxd1 43. Kxd1 e3 0-1